| 000 | 00926nas a2200301 4500 | ||
|---|---|---|---|
| 001 | BR2013003850 | ||
| 003 | BR-BrBNA | ||
| 005 | 20231205122341.0 | ||
| 007 | ta | ||
| 008 | 230509b bl.|||p| |||| 00| 00por d | ||
| 040 |
_aBR-BrBNA _bpor _cBiblioteca Nacional de Agricultura |
||
| 041 | _a(Pt) | ||
| 072 | _aF01 | ||
| 100 | 1 | _aNoronha, R.H. de F. | |
| 100 | 1 | _aSilva, R.P. da | |
| 100 | 1 | _aChioderoli, C.A. | |
| 100 | 1 | _aSantos, E.P. dos | |
| 100 | 1 | _aCassia, M.T. | |
| 245 | 1 | _aControle estatístico aplicado ao processo de colheita mecanizada diurna e noturna de cana-de-açúcar | |
| 500 | _a931-938 | ||
| 650 | _aCANA DE AÇÚCAR | ||
| 650 | _aCOLHEITA MECÂNICA | ||
| 650 | _aPERDA DURANTE A COLHEITA | ||
| 650 | _aMÉTODO ESTATÍSTICO | ||
| 773 | 0 |
_tBragantia (Brazil) _xISSN 0006-8705 _g(oct-dec 2011), v. 70(4) p. _wBR2013003850 |
|
| 909 |
_a202311 _bLúcia _c55 _dLúcia Elande |
||
| 942 |
_2AGRIS _n0 _cANA |
||
| 999 |
_c228204 _d228204 |
||